000
00329nam a22001457a 4500
003
SGT
020
_a
978-93-86418-63-0
082
_a
375.008
_b
P18K
100
_a
KAUSHIK, ANUBHA
245
_a
PERSPECTIVES IN ENVIRONMENTAL STUDIES
250
_a
6TH
260
_a
INDIA
_b
NEW AGE
_c
2018
300
_a
357
942
_2
ddc
_c
BK
_0
76
999
_c
16548
_d
16548